ბათუმის შოთა რუსთაველის სახელმწიფო უნივერსიტეტის ბიბლიოთეკა

წმინდა მღვდელმთავარი გაბრიელი (ქიქოძე)წ.2 (ბიბ.ჩანაწერი № 43408)

000 -LEADER
fixed length control field 00789nam a2200217Ia 4500
001 - CONTROL NUMBER
control field 10136
003 - CONTROL NUMBER IDENTIFIER
control field GE_BSU
008 - FIXED-LENGTH DATA ELEMENTS--GENERAL INFORMATION
fixed length control field 181216s||||||||xx |||||||||||||| ||und||
020 ## - INTERNATIONAL STANDARD BOOK NUMBER
International Standard Book Number 9789941215957
040 ## - CATALOGING SOURCE
Transcribing agency GE_BSU
080 ## - UNIVERSAL DECIMAL CLASSIFICATION NUMBER
Universal Decimal Classification number 271.22-726.1+27-36
245 ## - TITLE STATEMENT
Title წმინდა მღვდელმთავარი გაბრიელი (ქიქოძე)წ.2
245 ## - TITLE STATEMENT
Statement of responsibility, etc. პროექტის რედ. თამარ მამაცაშვილი.შემდგ. სოფიო თავაძე
260 ## - PUBLICATION, DISTRIBUTION, ETC.
Place of publication, distribution, etc. თბილისი
260 ## - PUBLICATION, DISTRIBUTION, ETC.
Name of publisher, distributor, etc. პალიტრა L
260 ## - PUBLICATION, DISTRIBUTION, ETC.
Date of publication, distribution, etc. 2014
300 ## - PHYSICAL DESCRIPTION
Extent 164გვ.20სმ.
653 ## - INDEX TERM--UNCONTROLLED
Uncontrolled term წმინდა მღვდელმთავარი გაბრიელი
942 ## - ADDED ENTRY ELEMENTS (KOHA)
Koha item type წიგნი
ეგზემპლარები
Withdrawn status Lost status Damaged status Not for loan Date acquired Barcode Date last seen Price effective from Koha item type
        2018-12-17 18712 2018-12-17 2018-12-17 წიგნი